| 000 | 00718nam a2200241 a 4500 | ||
|---|---|---|---|
| 001 | 63810 | ||
| 003 | BD-RjUL | ||
| 005 | 20211209081233.0 | ||
| 008 | 170204r20041995ii |||| |||| 001 0 eng d | ||
| 020 | _a0070585148 | ||
| 035 | _a(BD-RjUL)63940 | ||
| 040 |
_aBD-RjUL _beng _cBD-RjUL |
||
| 041 | _aeng | ||
| 082 | 0 | 4 |
_a658.30954 _bIVM 2004 _223 |
| 100 | 1 | 0 |
_aIvancevich, John M. _9175079 |
| 245 | 1 |
_aHuman resource management / _cJohn M. Ivancevich |
|
| 260 |
_aNew Delhi : _bTata Mcgraw-Hill Publishing Company limited, _cc2004 |
||
| 300 |
_a647 p. ; _c21 cm. |
||
| 504 | _aInclude index. | ||
| 650 |
_aPersonnel management -- India. _910514 |
||
| 650 |
_aIndustrial relations -- India. _98659 |
||
| 942 |
_2ddc _cBK |
||
| 999 |
_c63810 _d63810 |
||